[Event "47th IT Bosna 2017"]
[Site "Sarajevo"]
[Date "2017.05.16"]
[Round "5.2"]
[White "Perunovic, Milos"]
[Black "Drazic, Sinisa"]
[Result "1-0"]
[WhiteElo "2603"]
[BlackElo "2427"]
[PlyCount "105"]
[EventDate "2017.05.13"]

1. e4 e5 2. Nf3 Nc6 3. Bb5 Nf6 4. O-O Nxe4 5. d4 Nd6 6. dxe5 Nxb5 7. a4 d6 8.
e6 Bxe6 9. axb5 Ne5 10. Nd4 Be7 11. f4 Nc4 12. Qe2 Nb6 13. Nxe6 fxe6 14. Qxe6
Qd7 15. Qb3 d5 16. Be3 Nc4 17. Nd2 Nxe3 18. Qxe3 Qxb5 19. Rfe1 Qb6 20. Qxb6
cxb6 21. Nf3 Kd7 22. Rad1 Bc5+ 23. Kf1 Kc6 24. Ne5+ Kc7 25. Rxd5 Rhd8 26. Rd3
Rxd3 27. Nxd3 Bd6 28. Re4 b5 29. Ke2 a5 30. c3 a4 31. f5 a3 32. bxa3 Rxa3 33.
Rg4 g6 34. fxg6 hxg6 35. h4 Ra4 36. Nb4 Bxb4 37. cxb4 Kd7 38. Kf3 Ke7 39. Rxg6
Rxb4 40. g4 Rc4 41. h5 Kf7 42. Rb6 Rc7 43. Kf4 Kg7 44. Kg5 Rc5+ 45. Kh4 Rc7 46.
h6+ Kh7 47. Kh5 b4 48. g5 Kh8 49. Rxb4 Rd7 50. Rc4 Rd8 51. Rc7 Rb8 52. g6 b5
53. h7 1-0

[Event "47th IT Bosna 2017"]
[Site "Sarajevo"]
[Date "2017.05.16"]
[Round "5.3"]
[White "Stojanovic, Dalibor"]
[Black "Nestorovic, Nikola"]
[Result "1/2-1/2"]
[WhiteElo "2478"]
[BlackElo "2506"]
[PlyCount "43"]
[EventDate "2017.05.13"]

1. e4 e5 2. Nf3 Nc6 3. Bb5 a6 4. Ba4 Nf6 5. O-O Be7 6. Re1 b5 7. Bb3 d6 8. a4
b4 9. d4 O-O 10. dxe5 dxe5 11. Qxd8 Rxd8 12. Bg5 Rb8 13. Nbd2 h6 14. Bxf6 Bxf6
15. Bd5 Ne7 16. Bc4 g5 17. Nb3 g4 18. Nfd2 Nc6 19. Nf1 Nd4 20. Ne3 Bg5 21. Rad1
h5 22. Rd3 1/2-1/2

[Event "47th IT Bosna 2017"]
[Site "Sarajevo"]
[Date "2017.05.16"]
[Round "5.4"]
[White "Lajthajm, Borko"]
[Black "Damljanovic, Branko"]
[Result "1/2-1/2"]
[WhiteElo "2428"]
[BlackElo "2543"]
[PlyCount "86"]
[EventDate "2017.05.13"]

1. d4 Nf6 2. Bg5 e6 3. e4 h6 4. Bxf6 Qxf6 5. Nf3 d6 6. Nc3 Bd7 7. Qd2 Nc6 8.
O-O-O O-O-O 9. Qe3 Kb8 10. Bc4 g5 11. d5 Ne5 12. Nxe5 Qxe5 13. Nb5 Qf4 14. Qxf4
gxf4 15. Nd4 Re8 16. Bb5 Bxb5 17. Nxb5 Bg7 18. Nd4 Bxd4 19. Rxd4 e5 20. Rd3 f5
21. exf5 Ref8 22. f3 Rxf5 23. g4 fxg3 24. hxg3 Rg5 25. g4 a5 26. Ra3 b6 27. Re3
Rg6 28. a4 Rf8 29. Kd2 Rf4 30. b3 Kb7 31. Ke2 c6 32. dxc6+ Kxc6 33. Rc3+ Kd7
34. Re3 Ke6 35. Rh5 Rff6 36. Rc3 Kd7 37. Rd3 Rg5 38. Rh4 h5 39. gxh5 Rh6 40. f4
Rgxh5 41. Rxh5 Rxh5 42. fxe5 Rxe5+ 43. Kd2 Ke6 1/2-1/2

[Event "47th IT Bosna 2017"]
[Site "Sarajevo"]
[Date "2017.05.16"]
[Round "5.5"]
[White "Kadric, Denis"]
[Black "Trkulja, Goran"]
[Result "1-0"]
[WhiteElo "2535"]
[BlackElo "2291"]
[PlyCount "79"]
[EventDate "2017.05.13"]

1. e4 e5 2. Nf3 Nc6 3. Nc3 Nf6 4. Bb5 Nd4 5. Bc4 Nxf3+ 6. gxf3 c6 7. d4 Qc7 8.
Bb3 d6 9. Rg1 Nh5 10. Be3 Bh3 11. Qd2 O-O-O 12. O-O-O f6 13. Ne2 Kb8 14. Kb1
Be7 15. Ng3 Nf4 16. Bxf4 exf4 17. Qxf4 g6 18. Qe3 Bc8 19. Rge1 Rhe8 20. d5 c5
21. Ba4 Rg8 22. f4 a6 23. c3 Bf8 24. f5 b5 25. Bc2 g5 26. Rh1 h5 27. h4 Qf7 28.
hxg5 Rxg5 29. Qf3 Rd7 30. Nxh5 Rb7 31. Nf4 b4 32. c4 b3 33. Bxb3 Qc7 34. Ne6
Bxe6 35. dxe6 Be7 36. Rh7 Qb6 37. Qc3 Rg2 38. Rxe7 Rxe7 39. Qxf6 Rb7 40. e7 1-0

[Event "47th IT Bosna 2017"]
[Site "Sarajevo"]
[Date "2017.05.16"]
[Round "5.6"]
[White "Sarenac, David"]
[Black "Savic, Miodrag R"]
[Result "0-1"]
[WhiteElo "2346"]
[BlackElo "2512"]
[PlyCount "74"]
[EventDate "2017.05.13"]

1. e4 d5 2. exd5 Qxd5 3. Nc3 Qa5 4. d4 c6 5. Nf3 Nf6 6. Bc4 Bg4 7. h3 Qh5 8.
Be2 e6 9. O-O Bxf3 10. Bxf3 Qa5 11. Bf4 Nbd7 12. Qe2 Be7 13. a3 a6 14. b4 Qd8
15. Na4 Nd5 16. Bh2 b5 17. Nc5 N7b6 18. Rfe1 O-O 19. Qd3 Bd6 20. Be5 Bxe5 21.
dxe5 Qg5 22. g3 a5 23. h4 Qe7 24. c3 Rfd8 25. Qc2 Nc4 26. Be4 g6 27. Nd3 Qc7
28. f4 Qb6+ 29. Nc5 Nxa3 30. Qb3 Nc4 31. Rad1 axb4 32. cxb4 Ra3 33. Qb1 Rxg3+
34. Kh2 Rg4 35. Bf3 Rxf4 36. Kg3 Rf5 37. Bg4 Rxe5 0-1

[Event "47th IT Bosna 2017"]
[Site "Sarajevo"]
[Date "2017.05.16"]
[Round "5.7"]
[White "Milanovic, Danilo"]
[Black "Popovic, Zoran"]
[Result "1/2-1/2"]
[WhiteElo "2510"]
[BlackElo "2300"]
[PlyCount "131"]
[EventDate "2017.05.13"]

1. d4 Nf6 2. c4 g6 3. f3 Bg7 4. e4 d6 5. Ne2 O-O 6. Be3 c5 7. Qd2 Nc6 8. d5 Ne5
9. Nec3 e6 10. Be2 exd5 11. cxd5 a6 12. a4 Re8 13. O-O h5 14. Na3 Nh7 15. Rab1
f5 16. b4 b6 17. a5 cxb4 18. Rxb4 bxa5 19. Rb6 Nf6 20. exf5 Bxf5 21. Rxa6 Rxa6
22. Bxa6 Qa8 23. Be2 Qb7 24. Nab5 Nf7 25. Bd4 a4 26. Bc4 Rc8 27. Qa2 Nd7 28.
Bxg7 Kxg7 29. Be2 Qb6+ 30. Kh1 Qe3 31. Qa1 Kh7 32. Re1 Re8 33. Qxa4 Nc5 34. Qd4
Bd3 35. Qxe3 Rxe3 36. Nd4 Bc4 37. Rc1 Bxe2 38. Ndxe2 Kg7 39. Kg1 Kf6 40. Kf2
Re7 41. Rd1 Ne5 42. Rd4 Ned3+ 43. Kf1 Ra7 44. g3 Ra1+ 45. Kg2 Ne1+ 46. Kf2
Ncd3+ 47. Ke3 Ne5 48. Rf4+ Ke7 49. Re4 N1xf3 50. h4 Ra3 51. Rb4 Ng1 52. Rb7+
Kf6 53. Kf2 Nxe2 54. Ne4+ Kf5 55. Nxd6+ Kg4 56. Kxe2 Kxg3 57. Re7 Kf4 58. Nb7
Re3+ 59. Kf1 Rf3+ 60. Ke2 Re3+ 61. Kf1 Ng4 62. d6 Rxe7 63. dxe7 Nf6 64. Nd6 Kg4
65. e8=Q Nxe8 66. Nxe8 1/2-1/2

[Event "47th IT Bosna 2017"]
[Site "Sarajevo"]
[Date "2017.05.16"]
[Round "5.8"]
[White "Kosic, Dragan"]
[Black "Ozen, Bahadir"]
[Result "1/2-1/2"]
[WhiteElo "2485"]
[BlackElo "2289"]
[PlyCount "54"]
[EventDate "2017.05.13"]

1. d4 d6 2. Nf3 Bg4 3. c4 Bxf3 4. exf3 c6 5. Nc3 g6 6. Be3 Bg7 7. Qd2 Nf6 8. d5
cxd5 9. cxd5 Nbd7 10. Be2 O-O 11. O-O Qa5 12. Rfd1 Rfc8 13. a3 Qd8 14. Qc2 a6
15. a4 Nc5 16. a5 b5 17. axb6 Qxb6 18. Ra2 Nfd7 19. Rda1 Qb4 20. Ra3 Nb6 21.
Bxc5 Qxc5 22. Bxa6 Rcb8 23. Ra5 Qc7 24. Bf1 Rxa5 25. Rxa5 Nc4 26. Rb5 Rc8 27.
g3 Nxb2 1/2-1/2

[Event "47th IT Bosna 2017"]
[Site "Sarajevo"]
[Date "2017.05.16"]
[Round "5.9"]
[White "Maksimovic, Bojan"]
[Black "Blagojevic, Dragisa"]
[Result "1/2-1/2"]
[WhiteElo "2269"]
[BlackElo "2480"]
[PlyCount "124"]
[EventDate "2017.05.13"]

1. e4 e5 2. Nf3 Nc6 3. Bb5 a6 4. Bxc6 dxc6 5. O-O Qf6 6. d4 exd4 7. Qxd4 Qxd4
8. Nxd4 Bd7 9. Be3 O-O-O 10. Nd2 Ne7 11. Rad1 f6 12. Rfe1 Ng6 13. Nf5 Bxf5 14.
exf5 Ne7 15. g4 h5 16. h3 Nd5 17. Nf3 hxg4 18. hxg4 Bd6 19. Kg2 Rde8 20. Bd2
Rxe1 21. Rxe1 c5 22. Re4 Kd7 23. b3 b5 24. c4 Ne7 25. Bc3 b4 26. Bb2 a5 27. Ne1
a4 28. f4 Nc6 29. Kg3 axb3 30. axb3 Na5 31. Nf3 Nxb3 32. g5 fxg5 33. Bxg7 gxf4+
34. Kg4 Rg8 35. f6 Bf8 36. Kxf4 Bxg7 37. Re7+ Kd6 38. Rxg7 Rf8 39. Rg6 Nd4 40.
Ne5 b3 41. f7+ Ke7 42. Rg2 Rb8 43. Rg8 Ne6+ 44. Ke3 Nf8 45. Nc6+ Kxf7 46. Nxb8
Kxg8 47. Kd3 Kf7 48. Kc3 Ke6 49. Nc6 Kd6 50. Na5 Ne6 51. Nxb3 Ke5 52. Kd3 Kf4
53. Nd2 Nf8 54. Ne4 Nd7 55. Nd2 Ne5+ 56. Ke2 Nc6 57. Kd3 Nb4+ 58. Kc3 Ke3 59.
Nb3 Na6 60. Kc2 Ke2 61. Kc3 Kd1 62. Kd3 Nb4+ 1/2-1/2

[Event "47th IT Bosna 2017"]
[Site "Sarajevo"]
[Date "2017.05.16"]
[Round "5.10"]
[White "Burovic, Rijad"]
[Black "Drasko, Milan"]
[Result "0-1"]
[WhiteElo "2290"]
[BlackElo "2446"]
[PlyCount "110"]
[EventDate "2017.05.13"]

1. e4 e6 2. d3 d5 3. Nd2 Nf6 4. g3 dxe4 5. dxe4 e5 6. Ngf3 Nbd7 7. Bg2 Bc5 8.
O-O O-O 9. c3 a5 10. Qc2 Qe7 11. Nc4 Re8 12. Nh4 Nb6 13. Nxb6 Bxb6 14. Nf5 Bxf5
15. exf5 e4 16. Be3 Bxe3 17. fxe3 Qc5 18. Rae1 Re5 19. Qf2 h5 20. Qf4 Rae8 21.
h3 Rd5 22. Rf2 Rd3 23. Qg5 Red8 24. Bf1 Rd1 25. Rxd1 Rxd1 26. Kg2 Nd5 27. Re2
Nf6 28. Kf2 Rd5 29. g4 hxg4 30. hxg4 Qd6 31. Qh4 Qe5 32. Qg3 g6 33. fxg6 fxg6
34. Qxe5 Rxe5 35. Kg3 Rg5 36. Bh3 Rd5 37. c4 Rc5 38. b3 Kf7 39. Rd2 Ke7 40. Rd4
g5 41. a3 Rc6 42. b4 axb4 43. axb4 Ra6 44. Kf2 Ra2+ 45. Ke1 b6 46. b5 Ke6 47.
Bf1 Ra1+ 48. Ke2 Rc1 49. Bg2 Ke5 50. Bh3 Rc2+ 51. Kf1 Rc3 52. Ke2 Rc1 53. Bg2
Rc2+ 54. Kf1 Rc3 55. Ke2 Rxe3+ 0-1

[Event "47th IT Bosna 2017"]
[Site "Sarajevo"]
[Date "2017.05.16"]
[Round "5.11"]
[White "Hodzic, Nihad"]
[Black "Jakovljevic, Vlado"]
[Result "0-1"]
[WhiteElo "2266"]
[BlackElo "2384"]
[PlyCount "90"]
[EventDate "2017.05.13"]

1. e4 c5 2. Nf3 e6 3. d4 cxd4 4. Nxd4 Nf6 5. Nc3 d6 6. Bg5 Be7 7. f4 h6 8. Bh4
a6 9. Qf3 Nbd7 10. O-O-O Qc7 11. Bd3 g5 12. fxg5 Ne5 13. Qe2 Nfg4 14. Kb1 hxg5
15. Bg3 Bd7 16. h3 Nf6 17. Rhf1 Rc8 18. Bf2 Nc4 19. Bxc4 Qxc4 20. Qf3 b5 21. a3
b4 22. axb4 Qxb4 23. Nb3 Rxc3 24. bxc3 Qxe4 25. Bg3 Qxf3 26. Rxf3 Ne4 27. Nd2
Nxd2+ 28. Rxd2 e5 29. c4 g4 30. Rb3 gxh3 31. Rb8+ Bd8 32. gxh3 Rxh3 33. Bf2 Ke7
34. c5 Ba5 35. Rxd6 Bc7 36. Rb7 Bxd6 37. c6 Rc3 38. Bh4+ f6 39. cxd7 Rc7 40.
Bxf6+ Kxd7 41. Rb6 Rc6 42. Rb7+ Ke6 43. Bd8 e4 44. Kc1 Bf4+ 45. Kd1 Rd6+ 0-1

[Event "47th IT Bosna 2017"]
[Site "Sarajevo"]
[Date "2017.05.16"]
[Round "5.12"]
[White "Bistric, Faruk"]
[Black "Kapetanovic, Edin"]
[Result "1-0"]
[WhiteElo "2349"]
[BlackElo "2182"]
[PlyCount "51"]
[EventDate "2017.05.13"]

1. c4 f5 2. d3 e5 3. g3 Nf6 4. Bg2 Be7 5. Nc3 O-O 6. Nh3 d6 7. O-O c6 8. Kh1
Kh8 9. f4 Na6 10. Be3 Qe8 11. Qd2 Bd8 12. Rab1 Ba5 13. a3 Bxc3 14. Qxc3 e4 15.
Bd4 c5 16. Bxf6 Rxf6 17. dxe4 fxe4 18. Nf2 Re6 19. Rbd1 b6 20. f5 Re5 21. f6
gxf6 22. Rxd6 Bf5 23. Rxf6 Kg8 24. Nd3 exd3 25. R1xf5 d2 26. Qxd2 1-0

[Event "47th IT Bosna 2017"]
[Site "Sarajevo"]
[Date "2017.05.16"]
[Round "5.13"]
[White "Nestorovic, Dejan"]
[Black "Temizkan, Denizcan"]
[Result "1/2-1/2"]
[WhiteElo "2375"]
[BlackElo "2124"]
[PlyCount "122"]
[EventDate "2017.05.13"]

1. d4 d5 2. c4 e6 3. Nc3 Nf6 4. Bg5 Be7 5. e3 O-O 6. Nf3 b6 7. Bd3 h6 8. Bh4
Bb7 9. O-O Nbd7 10. Qe2 Ne4 11. Bg3 Bd6 12. Rac1 Ndf6 13. cxd5 Nxc3 14. Rxc3
Nxd5 15. Rcc1 Nb4 16. Bc4 a6 17. a3 Nd5 18. e4 Nf4 19. Qe3 Ng6 20. Rcd1 Qe8 21.
Rfe1 Rd8 22. Qe2 b5 23. Ba2 Bf4 24. Bxf4 Nxf4 25. Qe3 Ng6 26. Rc1 Rd7 27. Rc5
Qe7 28. Rec1 Rfd8 29. g3 Kh8 30. h4 f6 31. h5 Nf8 32. b4 Rc8 33. Qf4 Qd8 34.
Kh2 Re7 35. Bb3 Qe8 36. g4 Qd8 37. Ba2 c6 38. e5 Rf7 39. Kg2 Rcc7 40. Bb1 Nd7
41. Qe4 f5 42. gxf5 Nxc5 43. Rxc5 Rxf5 44. Qg4 Rcf7 45. Qg6 Qe7 46. Be4 Kg8 47.
Kf1 Rf8 48. Ke2 R8f7 49. Bxf5 Rxf5 50. Ke3 Bc8 51. Nd2 Bd7 52. Ne4 Kf8 53. Nd6
Qg5+ 54. Qxg5 Rxg5 55. Rc1 Rxh5 56. Rg1 Rh3+ 57. Rg3 Rxg3+ 58. fxg3 g5 59. g4
Kg7 60. Kf3 Kg6 61. Kg3 Kg7 1/2-1/2

[Event "47th IT Bosna 2017"]
[Site "Sarajevo"]
[Date "2017.05.16"]
[Round "5.14"]
[White "Cunjalo, Faris"]
[Black "Arapovic, Vitomir"]
[Result "0-1"]
[WhiteElo "2042"]
[BlackElo "2330"]
[PlyCount "98"]
[EventDate "2017.05.13"]

1. d4 g6 2. c4 Bg7 3. Nc3 d6 4. Nf3 Nd7 5. g3 e5 6. Bg2 Nh6 7. O-O O-O 8. dxe5
dxe5 9. Qc2 Nf5 10. Bg5 f6 11. Bd2 c6 12. b4 Nb6 13. c5 Nc4 14. Ne4 Nxd2 15.
Nexd2 Be6 16. Nc4 Qc7 17. e3 Rfd8 18. Nfd2 Ne7 19. Ne4 Nd5 20. Rab1 b5 21. Na5
Nxb4 22. Rxb4 Qxa5 23. Rb2 Qc7 24. h4 f5 25. Ng5 Bc4 26. Rc1 h6 27. Nh3 e4 28.
Rb4 Qf7 29. Nf4 Kh7 30. h5 g5 31. Ng6 Bd3 32. Qb3 Qxb3 33. Rxb3 a5 34. Ne7 a4
35. Rb4 a3 36. Nxc6 Bb2 37. Nxd8 Bxc1 38. Nc6 Rc8 39. Ne5 Rxc5 40. Nxd3 exd3
41. Rd4 d2 42. Kf1 Rc2 43. Bd5 Bb2 44. Rd3 Bc3 45. Ke2 b4 46. Bb3 Rb2 47. Bc4
Rb1 48. Rxd2 Bxd2 49. Kxd2 Rb2+ 0-1

[Event "47th IT Bosna 2017"]
[Site "Sarajevo"]
[Date "2017.05.16"]
[Round "5.15"]
[White "Hrescak, Ivana"]
[Black "Sutkovic, Damir"]
[Result "0-1"]
[WhiteElo "2111"]
[BlackElo "2317"]
[PlyCount "82"]
[EventDate "2017.05.13"]

1. d4 Nf6 2. c4 c5 3. d5 e6 4. Nc3 exd5 5. cxd5 d6 6. e4 g6 7. f4 Bg7 8. Bb5+
Nfd7 9. a4 O-O 10. Nf3 Na6 11. O-O Nc7 12. Bd3 a6 13. Re1 Re8 14. Be3 Rb8 15.
a5 b5 16. axb6 Rxb6 17. Qd2 Rb4 18. Bf2 Bb7 19. Rad1 Qb8 20. Qc1 Nb5 21. Bg3
Nd4 22. Nxd4 Bxd4+ 23. Kh1 Nf6 24. h3 Qd8 25. Bh4 Qb6 26. Re2 a5 27. Rde1 Nd7
28. Bg3 Nf6 29. Bh4 Nd7 30. Bg3 f6 31. Bh4 Ba6 32. Bxa6 Qxa6 33. Bf2 Qc4 34.
Qa1 a4 35. Rd2 Reb8 36. Bxd4 cxd4 37. Ne2 d3 38. Nc1 Nc5 39. Kh2 Qd4 40. Red1
Qxe4 41. Nxd3 Nb3 0-1

[Event "47th IT Bosna 2017"]
[Site "Sarajevo"]
[Date "2017.05.16"]
[Round "5.16"]
[White "Vajic, Goran"]
[Black "Slamar, Velimir"]
[Result "1-0"]
[WhiteElo "2295"]
[BlackElo "2059"]
[PlyCount "65"]
[EventDate "2017.05.13"]

1. e4 c6 2. d4 d5 3. e5 Bf5 4. h4 h5 5. c4 e6 6. Nc3 Nd7 7. cxd5 cxd5 8. Qb3
Qb6 9. Bb5 Rd8 10. Be3 Qa5 11. Bd2 Bb4 12. Nge2 Ne7 13. a3 Bxc3 14. Nxc3 Qc7
15. Rc1 Qb8 16. Bg5 Rf8 17. Be2 f6 18. Bxh5+ Bg6 19. exf6 gxf6 20. Bxg6+ Nxg6
21. Be3 Nf4 22. Bxf4 Qxf4 23. Ne2 Qe4 24. Qe3 Ke7 25. Qxe4 dxe4 26. Rc7 Rb8 27.
Kd2 Kd6 28. Rhc1 f5 29. g3 e5 30. Ke3 Nf6 31. dxe5+ Kxe5 32. Nf4 Rfd8 33. Re7+
1-0

[Event "47th IT Bosna 2017"]
[Site "Sarajevo"]
[Date "2017.05.16"]
[Round "5.17"]
[White "Ozates, Tuna"]
[Black "Garabetyan, Arno"]
[Result "1-0"]
[WhiteElo "2286"]
[BlackElo "2050"]
[PlyCount "117"]
[EventDate "2017.05.13"]

1. e4 c5 2. Nf3 e6 3. d4 cxd4 4. Nxd4 a6 5. Bd3 Bc5 6. Nb3 Be7 7. O-O d6 8. c4
Nf6 9. Nc3 O-O 10. Qe2 Qc7 11. Bf4 Nbd7 12. Rac1 b6 13. Bg3 Ne5 14. Bxe5 dxe5
15. c5 bxc5 16. Na4 Nd7 17. Nbxc5 Qa5 18. Qe1 Qxe1 19. Rfxe1 Nxc5 20. Nxc5 a5
21. Bb5 Rd8 22. a4 f6 23. h3 Kf7 24. Rc2 Bd6 25. Rec1 Ke7 26. Kf1 Ra7 27. Ke2
f5 28. f3 Kf6 29. g4 g6 30. h4 h6 31. Ke3 f4+ 32. Ke2 Ke7 33. b3 Kf7 34. Rc3
Ke7 35. R1c2 Rc7 36. Nd3 Rxc3 37. Rxc3 Bd7 38. Bxd7 Rxd7 39. Nb2 Rb7 40. Nc4
Bc7 41. Kd3 h5 42. g5 Rb8 43. Kc2 Kd7 44. Kb2 Ra8 45. Ka3 Rb8 46. Rc2 Rb7 47.
Rb2 Rb4 48. Rd2+ Ke7 49. Rc2 Rb7 50. Kb2 Rb4 51. Kc3 Kd7 52. Rd2+ Ke7 53. Na3
Bd6 54. Rxd6 Kxd6 55. Nc4+ Kc5 56. Nxe5 Rd4 57. Nd3+ Rxd3+ 58. Kxd3 Kb4 59. Kc2
1-0

[Event "47th IT Bosna 2017"]
[Site "Sarajevo"]
[Date "2017.05.16"]
[Round "5.18"]
[White "Rozic, Slaven"]
[Black "Kilic, Efe Mert"]
[Result "1/2-1/2"]
[WhiteElo "2033"]
[BlackElo "2284"]
[PlyCount "121"]
[EventDate "2017.05.13"]

1. d4 f5 2. g3 Nf6 3. Bg2 g6 4. Nf3 Bg7 5. O-O O-O 6. c4 d6 7. Nc3 c6 8. Qc2 h6
9. Nh4 Qe8 10. b3 Nh7 11. e3 g5 12. Nf3 Qh5 13. Bb2 f4 14. exf4 Bg4 15. Qd3 Nd7
16. Rae1 Rae8 17. b4 gxf4 18. h4 Nb6 19. c5 Nd5 20. Nxd5 cxd5 21. cxd6 exd6 22.
Rxe8 Rxe8 23. Bc1 fxg3 24. fxg3 Nf6 25. Bf4 Ne4 26. Kh2 Rc8 27. Rc1 Rxc1 28.
Bxc1 Qf5 29. Qe3 Nf6 30. Qc3 Ne4 31. Qe3 Qc8 32. Qb3 Nf6 33. Bf4 Qe6 34. Qe3
Qxe3 35. Bxe3 Kf7 36. Kg1 Ke6 37. Nd2 Kf5 38. Bf4 Nh5 39. Bxd6 Bxd4+ 40. Kf1
Ke6 41. Bb8 Nf6 42. Nf3 Bb6 43. Bf4 h5 44. Ng5+ Ke7 45. Ke1 a5 46. a3 Bd4 47.
bxa5 Bb2 48. Kd2 Bxa3 49. Kc3 Kd7 50. Be5 Be7 51. Bd4 Kc6 52. Nf7 Be6 53. Ne5+
Kb5 54. Bb6 Bb4+ 55. Kd4 Be1 56. Bf1+ Ka4 57. Nd3 Bxg3 58. Nc5+ Kb4 59. Nxe6
Bxh4 60. Bd8 Bf2+ 61. Kd3 1/2-1/2

[Event "47th IT Bosna 2017"]
[Site "Sarajevo"]
[Date "2017.05.16"]
[Round "5.19"]
[White "Aakanksha, Hagawane"]
[Black "Marn, Jan"]
[Result "1-0"]
[WhiteElo "2283"]
[BlackElo "2035"]
[PlyCount "81"]
[EventDate "2017.05.13"]

1. e4 e5 2. Nf3 Nc6 3. Bb5 a6 4. Ba4 Nf6 5. O-O Be7 6. Re1 b5 7. Bb3 d6 8. c3
O-O 9. h3 Na5 10. Bc2 c5 11. d4 Qc7 12. d5 Bd7 13. b3 c4 14. Ba3 Rfc8 15. Nxe5
dxe5 16. Bxe7 Bg4 17. hxg4 Qxe7 18. Re3 Nb7 19. Nd2 Nd6 20. bxc4 bxc4 21. Ba4
Nd7 22. g5 Nc5 23. Bc6 Rab8 24. Qg4 Rb6 25. Rh3 Rcb8 26. Qh5 h6 27. gxh6 g6 28.
h7+ Kh8 29. Qe2 Qg5 30. Rg3 Qh6 31. Rh3 Qg5 32. Qf3 Rb2 33. Rd1 Rxd2 34. Rxd2
Ncxe4 35. Rd1 Rb2 36. Qe3 Qg4 37. Rf1 Nf5 38. Qa7 Nh4 39. Rxh4 Qxh4 40. Qxf7
Qxh7 41. Qe8+ 1-0

[Event "47th IT Bosna 2017"]
[Site "Sarajevo"]
[Date "2017.05.16"]
[Round "5.20"]
[White "Kozarcanin, Sead"]
[Black "Obad, Andrija"]
[Result "0-1"]
[WhiteElo "2016"]
[BlackElo "2256"]
[PlyCount "94"]
[EventDate "2017.05.13"]

1. Nf3 c5 2. e4 d6 3. g3 Nc6 4. Bg2 g6 5. O-O Bg7 6. Re1 e5 7. c3 Nge7 8. a3
O-O 9. b4 a6 10. Bb2 h6 11. d3 Be6 12. Nbd2 Qc7 13. Rc1 Rad8 14. d4 exd4 15.
cxd4 cxb4 16. axb4 Qb6 17. Nc4 Bxc4 18. Rxc4 d5 19. exd5 Nxd5 20. Qd2 Ndxb4 21.
Ba3 a5 22. d5 Rxd5 23. Qe2 Rfd8 24. Re4 R5d7 25. Re8+ Kh7 26. h4 Rxe8 27. Qxe8
Qd8 28. h5 Nc2 29. hxg6+ fxg6 30. Nh4 Qxe8 31. Rxe8 Nxa3 32. Be4 Ne7 33. Nxg6
Nxg6 34. Re6 b5 35. Bxg6+ Kg8 36. f4 Bd4+ 37. Kf1 Kg7 38. Be4 Bf6 39. Ra6 a4
40. Ke2 Rc7 41. g4 Re7 42. Kf3 Rc7 43. g5 hxg5 44. fxg5 Bb2 45. Kg4 Nc4 46. Kh5
Bd4 47. Bd5 Nb6 0-1

[Event "47th IT Bosna 2017"]
[Site "Sarajevo"]
[Date "2017.05.16"]
[Round "5.21"]
[White "Zarkovic, Mila"]
[Black "Dedic, Nedzad"]
[Result "1-0"]
[WhiteElo "2251"]
[BlackElo "1940"]
[PlyCount "107"]
[EventDate "2017.05.13"]

1. e4 e6 2. d4 d5 3. exd5 exd5 4. Bd3 Bd6 5. Qf3 Be6 6. Ne2 Qf6 7. Bf4 Bxf4 8.
Qxf4 Qxf4 9. Nxf4 Nc6 10. c3 O-O-O 11. f3 g6 12. Nd2 Nh6 13. g4 f5 14. O-O-O
Rhe8 15. g5 Nf7 16. h4 Nd6 17. Rde1 Bf7 18. Rxe8 Rxe8 19. h5 Ne7 20. Nf1 Rg8
21. h6 Kd7 22. Ne3 c6 23. b3 Re8 24. Kd2 Bg8 25. Be2 Nf7 26. Rg1 b6 27. Nd3 Nc8
28. f4 Ncd6 29. Ne5+ Nxe5 30. fxe5 Ne4+ 31. Kc2 Rf8 32. Bd3 Be6 33. Bxe4 dxe4
34. Rf1 f4 35. Kd1 Ke7 36. Nc2 Bg4+ 37. Ke1 e3 38. c4 Bf5 39. Nb4 Be4 40. Ke2
c5 41. dxc5 Ke6 42. cxb6 axb6 43. c5 Kxe5 44. Na6 bxc5 45. Nxc5 Rd8 46. Rxf4
Kxf4 47. Ne6+ Ke5 48. Nxd8 Bd5 49. Kxe3 Kf5 50. Kd4 Bg8 51. b4 Bxa2 52. b5 Bb1
53. Nc6 Be4 54. Ne7+ 1-0

[Event "47th IT Bosna 2017"]
[Site "Sarajevo"]
[Date "2017.05.16"]
[Round "5.22"]
[White "Alaz, Ahmet Efekan"]
[Black "Eric, Jovana"]
[Result "0-1"]
[WhiteElo "1965"]
[BlackElo "2237"]
[PlyCount "66"]
[EventDate "2017.05.13"]

1. d4 Nf6 2. Nf3 g6 3. Nc3 d5 4. Bf4 Bg7 5. e3 O-O 6. Be2 b6 7. Ne5 Bb7 8. h4
h6 9. g4 Nfd7 10. Rg1 Nc6 11. Nxc6 Bxc6 12. g5 h5 13. Bxh5 e5 14. dxe5 Nxe5 15.
Be2 Re8 16. Kf1 Qd7 17. Rg3 Rad8 18. h5 gxh5 19. Bxh5 Ng6 20. Bxg6 fxg6 21. Qd3
Qf7 22. Ne2 d4 23. exd4 Bd5 24. Be3 Bc4 25. Qc3 c5 26. Rd1 cxd4 27. Rxd4 Bxe2+
28. Kg1 Bxd4 29. Bxd4 Re4 30. Bf6 Rd1+ 31. Kg2 Bf1+ 32. Kf3 Rc4 33. Qe5 Qb7+
0-1

[Event "47th IT Bosna 2017"]
[Site "Sarajevo"]
[Date "2017.05.16"]
[Round "5.23"]
[White "Sukovic, Andrej"]
[Black "Nezirovic, Ozren"]
[Result "0-1"]
[WhiteElo "2236"]
[BlackElo "2013"]
[PlyCount "84"]
[EventDate "2017.05.13"]

1. e4 e5 2. Nf3 Nc6 3. d4 exd4 4. Nxd4 Nf6 5. Nxc6 bxc6 6. e5 Qe7 7. Qe2 Nd5 8.
c4 Ba6 9. b3 g6 10. Ba3 d6 11. Qe4 f5 12. Qd4 Bg7 13. cxd5 Bxe5 14. Qa4 Bxa1+
15. Kd1 Bxf1 16. Qxc6+ Kf7 17. Rxf1 Rhe8 18. Nd2 Rab8 19. Qc4 Kg8 20. g4 fxg4
21. Qxg4 Bg7 22. h4 Qe5 23. Qc4 Re7 24. Bc1 Rf8 25. f4 Qd4 26. Kc2 Rf5 27. Qxd4
Bxd4 28. Kd3 Be3 29. Re1 Bxd2 30. Rxe7 Bxc1 31. Rxc7 Bxf4 32. Rxa7 Bg3 33. a4
Rxd5+ 34. Ke4 Re5+ 35. Kf3 Be1 36. Rd7 Bb4 37. Rb7 Be1 38. Rd7 Bxh4 39. b4 Be1
40. Rb7 h5 41. a5 Bxb4 42. Rxb4 Rxa5 0-1

[Event "47th IT Bosna 2017"]
[Site "Sarajevo"]
[Date "2017.05.16"]
[Round "5.24"]
[White "Okuyaz, Duru"]
[Black "Krstonijevic, Stjepan"]
[Result "0-1"]
[WhiteElo "1917"]
[BlackElo "2155"]
[PlyCount "76"]
[EventDate "2017.05.13"]

1. e4 c5 2. Nf3 e6 3. b3 a6 4. c4 Nc6 5. Bb2 d6 6. Nc3 Be7 7. Bd3 Bf6 8. Bc2
Rb8 9. a4 g5 10. Rb1 h5 11. e5 Nxe5 12. Ne4 Nxf3+ 13. Qxf3 Bxb2 14. Rxb2 f5 15.
Qc3 Rh7 16. Ng3 Qf6 17. Ne2 Qxc3 18. Nxc3 Ne7 19. Ne2 Nc6 20. Bd1 Nb4 21. O-O
e5 22. Ng3 h4 23. Ne2 Bd7 24. a5 Bc6 25. Nc3 h3 26. f3 hxg2 27. Kxg2 Kf7 28.
Be2 Rbh8 29. Rh1 g4 30. Nd5 Rh3 31. Rbb1 Nxd5 32. cxd5 Bxd5 33. Bc4 gxf3+ 34.
Kf1 Ke6 35. d3 Rxh2 36. Rxh2 Rxh2 37. Kg1 Rg2+ 38. Kf1 e4 0-1

[Event "47th IT Bosna 2017"]
[Site "Sarajevo"]
[Date "2017.05.16"]
[Round "5.25"]
[White "Jurman, Roberto"]
[Black "Nestorovic, Katarina"]
[Result "1-0"]
[WhiteElo "2152"]
[BlackElo "1918"]
[PlyCount "71"]
[EventDate "2017.05.13"]

1. c4 e5 2. Nc3 Nf6 3. g3 d5 4. cxd5 Nxd5 5. Bg2 Nb6 6. Nf3 Nc6 7. O-O Be7 8.
d3 O-O 9. Be3 Re8 10. Qc1 Bf8 11. a4 Nd5 12. Nxd5 Qxd5 13. Ng5 Qd6 14. Qc4 Be6
15. Nxe6 Qxe6 16. Bd5 Qg6 17. a5 Nd4 18. Bxd4 exd4 19. a6 b5 20. Qxb5 Rab8 21.
Bb7 Rxe2 22. Rae1 c6 23. Qc4 Rxb2 24. Qxd4 Rb6 25. Rb1 c5 26. Qc4 Rd8 27. Be4
Qf6 28. Rxb6 Qxb6 29. Bd5 Rd7 30. Re1 Qb4 31. Re8 Qxc4 32. dxc4 Rc7 33. Ra8 g6
34. Bb7 Kg7 35. Rxa7 Bd6 36. Ra8 1-0

[Event "47th IT Bosna 2017"]
[Site "Sarajevo"]
[Date "2017.05.16"]
[Round "5.26"]
[White "Janjic, Nikola"]
[Black "Marjanovic, Dejan"]
[Result "0-1"]
[WhiteElo "1909"]
[BlackElo "2412"]
[PlyCount "46"]
[EventDate "2017.05.13"]

1. c4 g6 2. Nc3 d6 3. g3 Bg7 4. Bg2 e5 5. e3 Nc6 6. Nge2 h5 7. h4 Bg4 8. d3
Nge7 9. Nd5 O-O 10. Bd2 Rb8 11. Bc3 Nxd5 12. Bxd5 Ne7 13. Bg2 Re8 14. O-O d5
15. cxd5 Nxd5 16. Re1 Nxc3 17. bxc3 c5 18. f3 Be6 19. d4 Bc4 20. Rc1 b5 21. Qc2
exd4 22. exd4 Re3 23. Nf4 Rxc3 0-1

[Event "47th IT Bosna 2017"]
[Site "Sarajevo"]
[Date "2017.05.16"]
[Round "5.27"]
[White "Stankovic, Milos"]
[Black "Sahin, Doga Boran"]
[Result "1-0"]
[WhiteElo "2406"]
[BlackElo "2060"]
[PlyCount "39"]
[EventDate "2017.05.13"]

1. e4 e6 2. d4 d5 3. Nc3 Nf6 4. exd5 exd5 5. Bg5 Be7 6. Bd3 Nbd7 7. Nge2 Nf8 8.
Qd2 Ne6 9. Bh4 O-O 10. O-O-O Kh8 11. f3 b6 12. Bf5 c5 13. dxc5 d4 14. Bxe6 dxc3
15. Qxc3 Qc7 16. Bg3 Qxc5 17. Qxc5 Bxc5 18. Bb3 a5 19. Nc3 Bb7 20. Bd6 1-0